Parts and Controls of a Car Quiz Stats

 Plays Quiz not verified by Sporcle

Challenge
Share
Tweet
Embed
Score 0/19 Timer 03:00
0 Plays Today
Hint Answer % Correct
Steering Wheel
84.2%
Brake Pedal
71.1%
Gas Pedal
55.3%
Air Conditioner
46.5%
Windshield Wipers
40.8%
Radio
36.4%
Seatbelt
35.5%
Headlights
25%
Turn Signal
23.2%
Rear View Mirror
13.6%
Hint Answer % Correct
Spedometer
10.5%
Cruise Control
9.6%
Side Mirror
8.8%
Emergency Brake
7.5%
Hazard Lights
6.6%
Odometer
6.6%
Dashboard
6.1%
GPS
2.6%
0%

You're not logged in!

Compare scores with friends on all Sporcle quizzes.
Join for Free
OR
Log In

You Might Also Like...

Show Comments

Extras

Top Quizzes Today


Score Distribution

Your Account Isn't Verified!

In order to create a playlist on Sporcle, you need to verify the email address you used during registration. Go to your Sporcle Settings to finish the process.

Report this User

Report this user for behavior that violates our Community Guidelines.

Details: